000 00578nam a2200205Ia 4500
005 20260429112137.0
008 260429s9999||||xx |||||||||||||| ||und||
020 _a9781394213221
041 _aEnglish
082 _a616.89
_bOLT
100 _aOltmanns, Thomas F
245 0 _aCase studies in psychological disorders and their treatment /
_cThomas F Oltmanns
250 _a12th ed.
260 _aNew Jersey :
_bWiley,
_c2025.
300 _aviii, 276 p.; pbk
650 _a Treatment
650 _aPsychological disorders
700 _a Tuer, Michele Dawn
942 _cTB
999 _c52573
_d52573